Andrej Očenáš : profil skladateľa /

Hlavní autor: Fišer, Ján, 1896-1963
Jazyk: Slovenština
Vydáno: Bratislava : Slovenské vydavateľstvo krásnej literatúry, 1955
Vydání: 1. vyd.
Edice: Edícia hudobnej literatúry
Témata:
Fyzický popis: 83 s., příl.
Knihy
Uloženo v:
LEADER 01309nam a22003492a 4500
001 001432874
003 CZ BrMZK
005 20150522075955.0
007 ta
008 141030s1955 xo f er|||||||||||slo d
040 |a ABB045  |b cze  |d BOA001 
080 |a 78.071.1  |2 MRF 
080 |a 78.071.4  |2 MRF 
080 |a 78  |2 MRF 
080 |a (048.8)  |2 MRF 
100 1 |a Fišer, Ján,  |d 1896-1963  |7 kup19990000027726  |4 aut 
245 1 0 |a Andrej Očenáš :  |b profil skladateľa /  |c Ján Fišer 
250 |a 1. vyd. 
260 |a Bratislava :  |b Slovenské vydavateľstvo krásnej literatúry,  |c 1955 
300 |a 83 s., příl. 
490 1 |a Edícia hudobnej literatúry ;  |v zv. 3 
600 1 7 |a Očenáš, Andrej,  |d 1911-1995  |7 skuk0001024  |2 czenas 
650 0 7 |a hudební skladatelé  |7 ph120923  |y 20. stol.  |z Slovensko  |2 czenas 
650 0 7 |a hudební pedagogové  |7 ph120921  |y 20. stol.  |z Slovensko  |2 czenas 
650 0 7 |a hudba  |7 ph114719  |y 20. stol.  |z Slovensko  |2 czenas 
655 7 |a monografie  |7 fd132842  |2 czenas 
830 0 |a Edícia hudobnej literatúry 
910 |a BOA001  |b 2-0350.906 
990 |a BK 
991 |b 201410 
996 7 |b 2618959267  |c 2-0350.906  |l MZK  |r Sklad / do 24 hodin  |n 0  |w 001467362  |u 000020  |a 1  |e BOA001  |j MZK50  |s A 
996 7 |b 2618959268  |c 2-0350.906  |l MZK  |r Sklad / do 24 hodin  |n 0  |w 001467362  |u 000010  |a 1  |e BOA001  |j MZK50  |s A